| 000 | 00348nam a22001337a 4500 | ||
|---|---|---|---|
| 020 | _qHB. | ||
| 040 | _cFIZZA ISHAQ | ||
| 082 |
_a006.4 _bSRA |
||
| 100 |
_aRAMAKRISHNAN S. _968081 |
||
| 245 |
_aPATTERN RECOGNITION ANALYSICS AND APPLICATIONS / _cS.RAMAKRISHNAN. |
||
| 260 |
_aINTECHOPEN PUBLISHER ; _c2017. |
||
| 300 | _a126 P. ; | ||
| 942 |
_2ddc _cBK |
||
| 999 |
_c589698 _d589698 |
||